Statistiques concernant Mots de 5 lettres par définition

Cliquez ici pour prendre le quiz!

Statistiques générales

  • Ce quiz a été pris 55 fois
  • Le résultat moyen est 10 sur 15

Statistiques - réponses

Genre Définition Mot % Correct
Nom MasculinFamilier. Réfrigérateur ou chambre frigorifique.Frigo
98%
Nom FémininLiquide sécrété par les néphrons, qui s'écoule par les voies urinaires excrétrices et s'accumule dans la vessie avant d'être évacué par l'urètre.Urine
94%
Nom MasculinEmbarcation propulsée à l'aide d'une pagaie double et dont l'étanchéité est assurée par une jupe imperméable serrée autour de la taille du pagayeur.Kayak
90%
Nom MasculinPerturbation atmosphérique violente, accompagnée d'éclairs, de tonnerre, de rafales, d'averses de pluie ou de grêle.Orage
88%
Nom MasculinPierre précieuse transparente, constituée par une variété de corindon et d'un rouge vif nuancé de rose ou de pourpre.Rubis
83%
Nom FémininSubstance grasse, liquide à la température ordinaire et insoluble dans l'eau, d'origine végétale, animale ou minérale, employée à de nombreux usages.Huile
75%
Nom FémininMarque laissée par une substance salissante.Tache
71%
Nom FémininLourde pièce d'acier, en général à deux pattes, qui, prenant appui sur le fond, permet à un engin flottant auquel elle est reliée par une chaîne de se maintenir en place.Ancre
69%
Nom MasculinSac de couchage en tissu matelassé, garni de duvet animal ou de fibres synthétiques.Duvet
65%
Nom FémininFil muni ou non d'un flotteur, terminé par un ou plusieurs hameçons et que l'on emploie pour pêcher les poissons.Ligne
56%
Nom MasculinÊtre vivant engendré par un parent unique, sans sexualité (c'est-à-dire par reproduction végétative ou asexuée) et par conséquent identique, d'un point de vue génétique, à son parent.Clone
56%
Nom MasculinGrand trou, généralement circulaire et doté d'un muraillement, creusé dans la terre pour atteindre la nappe aquifère souterraine.Puits
54%
Nom FémininGrand vase pansu en terre cuite, à large ouverture, anses et fond plat qui servait autrefois à conserver les aliments.Jarre
40%
Nom FémininForme embryonnaire apparaissant à l'éclosion de l'œuf et présentant avec l'adulte de son espèce des différences importantes.Larve
38%
Nom MasculinFruit rond ou ovale, à peau verte à jaune ou brun clair et à chair sucrée et parfumée, orangée à verdâtre.Melon
12%

Distribution des résultats

Percentile by Number Answered

% des personnes avec chaque résultat

Votre développement - résultats

Vous n’avez pas pris ce quiz